| 000 | 00845nam a22002057a 4500 | ||
|---|---|---|---|
| 999 |
_c532860 _d532860 |
||
| 003 | NUST | ||
| 005 | 20191204105454.0 | ||
| 008 | 191204b ||||| |||| 00| 0 eng d | ||
| 038 | _aIESE | ||
| 082 |
_a628 _bIQB |
||
| 100 |
_aIqbal,Sara, Minha Hanif, Midhat Naveed, Haris Ali Khan. _926473 |
||
| 245 |
_aCombination of carbon nanotubes and solar parabolic trough collector as a polishing unit for safe reuse secondary treated wastewater. _cSara Iqbal, Minha Hanif, Midhat Naveed, Haris Ali Khan. |
||
| 260 |
_aIslamabad _bIESE (SCEE) NUST _c2019 |
||
| 300 |
_a42p. _bH.B |
||
| 440 |
_aUG Environmental Engineering _91834 |
||
| 500 | _aThesis UG EE | ||
| 650 |
_aEnvironmental Engineering _91550 |
||
| 700 | _4Dr. Deedar Nabi (Supervisor) | ||
| 942 |
_2ddc _cTHE _kIESE |
||